[Event "Wch Seniors 65 26th"]
[Site "Marianske Lazne"]
[Date "2016.11.29"]
[Round "10"]
[White "Abel, Hans Peter"]
[Black "Vladimirsky, Mark"]
[Result "0-1"]
[WhiteElo "1923"]
[BlackElo "2023"]
[PlyCount "124"]
[EventDate "2016.11.19"]
[EventType "swiss"]
[EventRounds "11"]
[EventCountry "CZE"]
[SourceTitle "CBM 175 Extra"]
[Source "ChessBase"]
[SourceDate "2016.12.12"]
[SourceVersion "1"]
[SourceVersionDate "2016.12.12"]
[SourceQuality "1"]

1. d4 Nf6 2. g3 g6 3. Bg2 Bg7 4. c4 d6 5. Nc3 Nbd7 6. e3 c6 7. Nge2 0-0 8. 0-0 Nb6 9. b3 d5 10. cxd5 cxd5 11. Bb2 Bf5 12. Rc1 g5 13. f3 Qd7 14. Rf2 Rac8 15. e4 dxe4 16. Nxe4 h6 17. N2c3 Nxe4 18. Nxe4 Rxc1 19. Qxc1 Bxd4 20. Bxd4 Qxd4 21. Qd2 Rd8 22. Qxd4 Rxd4 23. Rd2 Rxd2 24. Nxd2 Nc8 25. Kf2 Nd6 26. Bf1 a5 27. Ke3 e5 28. f4 exf4+ 29. gxf4 gxf4+ 30. Kxf4 Kf8 31. Nc4 Nxc4 32. Bxc4 Be6 33. Bd3 Ke7 34. Be2 Kd6 35. a3 b6 36. Bd1 Kd5 37. Ke3 Ke5 38. b4 axb4 39. axb4 f5 40. Bf3 Ba2 41. Bg2 Bb1 42. Bf1 Be4 43. Be2 f4+ 44. Kf2 Kd4 45. Bf1 Kc3 46. b5 Bd3 47. Bxd3 Kxd3 48. Kf3 Kc4 49. Kxf4 Kxb5 50. Kf5 Kc4 51. Kg6 b5 52. Kxh6 b4 53. h4 b3 54. h5 b2 55. Kg7 b1Q 56. h6 Qb7+ 57. Kg8 Qc8+ 58. Kg7 Qd7+ 59. Kg8 Qe8+ 60. Kg7 Qe7+ 61. Kh8 Qf8+ 62. Kh7 Kd5 0-1

[Event "Wch Seniors 65 26th"]
[Site "Marianske Lazne"]
[Date "2016.11.27"]
[Round "8"]
[White "Vechet, Stanislav"]
[Black "Vladimirsky, Mark"]
[Result "1/2-1/2"]
[WhiteElo "2149"]
[BlackElo "2023"]
[PlyCount "70"]
[EventDate "2016.11.19"]
[EventType "swiss"]
[EventRounds "11"]
[EventCountry "CZE"]
[SourceTitle "CBM 175 Extra"]
[Source "ChessBase"]
[SourceDate "2016.12.12"]
[SourceVersion "1"]
[SourceVersionDate "2016.12.12"]
[SourceQuality "1"]

1. d4 Nf6 2. c4 e6 3. g3 Bb4+ 4. Bd2 Be7 5. Bg2 d5 6. e3 0-0 7. Qc2 c6 8. Ne2 Nbd7 9. 0-0 dxc4 10. Qxc4 e5 11. Qc2 exd4 12. Nxd4 Re8 13. b4 Nb6 14. a3 Nfd5 15. Nc3 Bf6 16. Nce2 Bg4 17. Rac1 Rc8 18. Rfe1 Nd7 19. e4 c5 20. bxc5 Rxc5 21. Qb1 N5b6 22. h3 Rxc1 23. Rxc1 Bxe2 24. Nxe2 Ne5 25. Ba5 Qd3 26. Qxd3 Nxd3 27. Rc7 Bb2 28. Bxb6 axb6 29. a4 f5 30. Rxb7 Ba3 31. Nf4 fxe4 32. Nxd3 exd3 33. Rd7 Re1+ 34. Bf1 Bc5 35. Rxd3 Ra1 1/2-1/2

[Event "Wch Seniors 65 26th"]
[Site "Marianske Lazne"]
[Date "2016.11.24"]
[Round "6"]
[White "Vladimirsky, Mark"]
[Black "Sorensen, Bent"]
[Result "0-1"]
[WhiteElo "2023"]
[BlackElo "2263"]
[PlyCount "67"]
[EventDate "2016.11.19"]
[EventType "swiss"]
[EventRounds "11"]
[EventCountry "CZE"]
[SourceTitle "CBM 175 Extra"]
[Source "ChessBase"]
[SourceDate "2016.12.12"]
[SourceVersion "1"]
[SourceVersionDate "2016.12.12"]
[SourceQuality "1"]

1. c4 e6 2. d4 Bb4+ 3. Bd2 Bxd2+ 4. Qxd2 Nf6 5. Nc3 0-0 6. Nf3 d6 7. e3 Qe7 8. Be2 e5 9. 0-0 Bg4 10. Ne1 Bxe2 11. Nxe2 Ne4 12. Qd3 exd4 13. exd4 Re8 14. Nf4 c6 15. Nc2 Qg5 16. g3 Nd7 17. Rae1 d5 18. cxd5 cxd5 19. Ne3 Nb6 20. f3 Nf6 21. Kg2 g6 22. h4 Qh6 23. h5 Nxh5 24. Nexd5 Nxd5 25. Nxd5 Qg5 26. g4 Qxd5 27. gxh5 Qxh5 28. Re4 Rad8 29. Rfe1 Rxe4 30. Rxe4 Rd5 31. Qe2 Rg5+ 32. Rg4 Rxg4+ 33. fxg4 Qd5+ 34. Kg3 0-1

[Event "Wch Seniors 65 26th"]
[Site "Marianske Lazne"]
[Date "2016.11.20"]
[Round "2"]
[White "Do Prado, Hamilton Mesquita"]
[Black "Vladimirsky, Mark"]
[Result "1/2-1/2"]
[WhiteElo "1672"]
[BlackElo "2023"]
[PlyCount "64"]
[EventDate "2016.11.19"]
[EventType "swiss"]
[EventRounds "11"]
[EventCountry "CZE"]
[SourceTitle "CBM 175 Extra"]
[Source "ChessBase"]
[SourceDate "2016.12.12"]
[SourceVersion "1"]
[SourceVersionDate "2016.12.12"]
[SourceQuality "1"]

1. d4 b6 2. Bf4 Bb7 3. e3 Nf6 4. h3 g6 5. Nf3 Bg7 6. Nbd2 c5 7. c3 0-0 8. Be2 d6 9. 0-0 Nbd7 10. Rc1 Nd5 11. Bg3 e5 12. c4 Nc7 13. d5 f5 14. e4 f4 15. Bh2 g5 16. Ne1 Rf6 17. Bg4 Rh6 18. Rc3 Nf6 19. Bf5 Bc8 20. Bxc8 Qxc8 21. f3 Rg6 22. Nd3 h5 23. Nf2 Bh6 24. Kh1 Qd7 25. Rg1 Kf7 26. Nf1 Rag8 27. g4 hxg4 28. fxg4 b5 29. Nd2 b4 30. Rf3 a5 31. a4 Ra8 32. b3 Ng8 1/2-1/2

[Event "Wch Seniors 65 26th"]
[Site "Marianske Lazne"]
[Date "2016.11.19"]
[Round "1"]
[White "Vladimirsky, Mark"]
[Black "Zak, Jiri"]
[Result "1/2-1/2"]
[WhiteElo "2023"]
[BlackElo "1628"]
[PlyCount "110"]
[EventDate "2016.11.19"]
[EventType "swiss"]
[EventRounds "11"]
[EventCountry "CZE"]
[SourceTitle "CBM 175 Extra"]
[Source "ChessBase"]
[SourceDate "2016.12.12"]
[SourceVersion "1"]
[SourceVersionDate "2016.12.12"]
[SourceQuality "1"]

1. d4 d5 2. c4 c6 3. Nc3 Nf6 4. Bg5 e6 5. e3 Be7 6. Nf3 Nbd7 7. Bd3 dxc4 8. Bxc4 Nd5 9. Bxe7 Qxe7 10. 0-0 0-0 11. e4 N5f6 12. e5 Nd5 13. Nxd5 cxd5 14. Bd3 Nb6 15. Rc1 h6 16. Bb1 g6 17. h4 Kg7 18. g3 Qb4 19. h5 g5 20. Rc7 Nd7 21. Kg2 Rh8 22. b3 Qe7 23. Nh2 Qd8 24. Qc2 b6 25. Rc1 Ba6 26. Qc6 Rc8 27. Qd6 Nb8 28. Bg6 Rf8 29. Qxd8 Rcxd8 30. Rxa7 Rd7 31. Rxd7 Nxd7 32. Bb1 Rc8 33. Rxc8 Bxc8 34. Bd3 f6 35. Ng4 f5 36. Ne3 Nb8 37. b4 Bd7 38. b5 Be8 39. Bxf5 exf5 40. Nxf5+ Kh7 41. Nd6 Bd7 42. f4 Bg4 43. f5 Nd7 44. e6 Nf6 45. a4 Be2 46. e7 Bxh5 47. Nc8 Nd7 48. Nd6 Nf6 49. g4 Nxg4 50. e8Q Bxe8 51. Nxe8 Ne3+ 52. Kf2 Nxf5 53. Nf6+ Kg7 54. Nxd5 Nxd4 55. Nxb6 Kf6 1/2-1/2